ՀՀ Գիտությունների ազգային ակադեմիայի հիմնարար գիտական գրադարան  =   Fundamental Scientific Library of NAS RA
Normal view MARC view

Entry Personal Name

Number of records used in: 6

001 - CONTROL NUMBER

  • control field: 1844

003 - CONTROL NUMBER IDENTIFIER

  • control field: AM-YEHGA

005 - DATE AND TIME OF LATEST TRANSACTION

  • control field: 20250617070431.0

008 - FIXED-LENGTH DATA ELEMENTS

  • fixed length control field: 050609 a|ac|n|aab||||||||||||a |n|||||||

040 ## - CATALOGING SOURCE

  • Original cataloging agency: AM-YEHGA

100 1# - HEADING--PERSONAL NAME

  • Personal name: Գաբրիելյան, Էլեոնորա Ցոլակի,
  • Dates associated with a name: 1929-

400 1# - SEE FROM TRACING--PERSONAL NAME

  • Personal name: Габриелян, Элеонора Цолаковна,
  • Dates associated with a name: 1929-

400 1# - SEE FROM TRACING--PERSONAL NAME

  • Personal name: Габриэлян, Элеонора Цолаковна,
  • Dates associated with a name: 1929-

400 1# - SEE FROM TRACING--PERSONAL NAME

  • Personal name: Габриэлян, Э.Ц.
  • Fuller form of name: (Элеонора Цолаковна),
  • Dates associated with a name: 1929-

400 1# - SEE FROM TRACING--PERSONAL NAME

  • Personal name: Gabrielyan, Eleonora Tsolaki,
  • Dates associated with a name: 1929-

670 ## - SOURCE DATA FOUND

  • Source citation: Հայկական համառոտ հանրագիտարան, 1990 :
  • Information found: հ. 1 (Գաբրիելյան Էլեոնորա Ցոլակի (ծ. 22.2.1929, Երևան), բուսաբան։ Կենսբ. գիտ. դ-ր (1974)։ Բույսերի կարգաբ. միջազգ. ասոց. իսկական (1967-ից), միջազգ. 2 հանձնաժող. (1981-ից) անդամ, ՀՍՍՀ ԳԱ առընթեր արգելանոցների գծով կոորդ. խորհրդի նախ-ի տեղակալ։ ՍՍՀՄ ԳԱ Վ.Լ.Կոմարովի անվ. մրց. (1984))

670 ## - SOURCE DATA FOUND

  • Source citation: Рябины (Sorbus L.) Западной Азии и гималаев, 1978 :
  • Information found: т.л. (Э.Ц. Габриэлян); конц. (Габриэлян Элеонора Цолаковна)


ՀՀ ԳԱԱ հիմնարար գիտական գրադարան
ՀՀ,Երևան 0019
Մարշալ Բաղրամյան 24/6
հեռախոս:(374-10) 52-47-50
Հետադարձ կապ

All site content, except where otherwise noted, is licensed under a
Creative Commons License